Arhivsko društvo praznuje 60 let svojega obstoja

Titel: Arhivsko društvo praznuje 60 let svojega obstoja
Beteiligt:
In: Arhivi, Band 37, Heft 2 (2014), Seite 11-21
alle Artikel anzeigen
Veröffentlicht: 2014
Format: Aufsatz
Sprache: Slowenisch
Kein Bild verfügbar
X
alg: 44204774
001A    $03036:30-01-19 
001B    $01999:06-02-19 $t15:21:24.000 
001D    $03036:30-01-19 
001U    $0utf8 
001X    $00 
002@    $0Aox 
003@    $0442047746 
007A    $0442047746 $aHEB 
007T    $0ArchMa23113 
010@    $aslv 
011@    $a2014 
021A    $aArhivsko društvo praznuje 60 let svojega obstoja 
028C    $aHodnik $BMitarb. $dMira 
031A    $d37 $e2 $h11-21 $j2014 
039B    $aIn $8--Abvc--. Arhivi. - Ljubljana, 1978-. - ISSN 0351-2835 $x201400000370002989 $906882811X 
045T    $a7,41 
046C    $aArchival Association of Slovenia celebrates its 60th anniversary $bEngl. Übers. d. Hauptsacht. 

lok: 44204774 105

exp: 44204774 105 1 #EPN
201B/01 $030-01-19 $t15:55:50.000 
201C/01 $030-01-19 
201U/01 $0utf8 
203@/01 $01042435332 
208@/01 $a13-12-18 $be 
209A/01 $a/ $f106 $x00 
245Z/01 $a4.14.01. $bArchivwesen Europas / Slowenien / Allgemeines $x01 
247C/01 $8->Marburg, Bibliographie zum Archivwesen der Archivschule Marburg $939588196X
LEADER 00000caa a22000002c 4500
001 442047746
003 DE-603
005 20190206152124.0
007 tu
008 190130s2014 xx |||| | u00||u|slv c
035 |a (DE-599)HEB442047746 
040 |a DE-603  |b ger  |c DE-603  |d DE-603 
041 |a slv 
084 |a 7,41  |2 ssgn 
245 0 0 |a Arhivsko društvo praznuje 60 let svojega obstoja 
246 1 |i Engl. Übers. d. Hauptsacht.  |a Archival Association of Slovenia celebrates its 60th anniversary 
264 0 |c 2014 
700 1 |a Hodnik, Mira  |e Mitarb.  |4 ctb 
773 0 8 |i In  |t Arhivi  |d Ljubljana, 1978-  |x 0351-2835  |g Band 37, Heft 2 (2014), Seite 11-21  |w (DE-603)06882811X  |w (DE-600)1147830-5 
924 0 |9 -  |a (DE-603)1042435332  |b DE-  |c HES  |d d  |g /